| 000 | 00392nam a2200181Ia 4500 | ||
|---|---|---|---|
| 003 | 0100 | ||
| 008 | 130303s9999 xx 000 0 und d | ||
| 040 | _cARRUPELIB | ||
| 050 | _aBT101.M858 | ||
| 100 | _aMorin, Dominique | ||
| 245 | _aHow to understand God | ||
| 260 | _aLondon | ||
| 260 | _bSCM Press | ||
| 260 | _C1990 | ||
| 300 | _aix | ||
| 300 | _b 117p. 22cm. | ||
| 942 |
_2lcc _02 |
||
| 999 |
_c67798 _d67798 |
||